Tratado de las enfermedades de los peces

Guardado en:
Detalles Bibliográficos
Autores principales: Kinkelin, Pierre de (Autor), Michel, Christian (Autor), Ghittino, Pietro (Autor)
Formato: Libro
Lenguaje:español
Publicado: Zaragoza Acribia 1991
Materias:
Etiquetas: Agregar Etiqueta
Sin Etiquetas, Sea el primero en etiquetar este registro!

MARC

LEADER 00000nam a2200000 a 4500
001 UCY2444
003 CL-VaPUC
008 941026e19910000SP |||||||||||||||||spa|d
082 0 4 |a 597.02  |b KIN  |2 21 
100 |a Kinkelin, Pierre de  |e author  |9 330468 
700 0 |a Michel, Christian  |e author  |9 330469 
700 0 |a Ghittino, Pietro  |e author  |9 330470 
245 1 0 |a Tratado de las enfermedades de los peces 
300 |a 353 p 
942 |c BK 
945 |d 19941026 00:00:00  |a mfernand 
260 |a Zaragoza  |b Acribia  |c 1991 
650 7 |a ENFERMEDADES DE LOS PECES  |2 CL-VaPUC  |9 259987 
650 0 |a Patología veterinaria  |9 261175 
583 |a last modification  |c 19941026 00:00:00  |k Rodrigo Vera 
999 |c 230847  |d 230845 
952 |0 0  |1 0  |4 0  |6 597_020000000000000_KIN_1991  |7 0  |8 CCM  |9 233446  |a BIBCUR  |b BIBCUR  |d 2019-11-15  |i 3032558  |o 597.02 KIN 1991  |p 3032558  |r 2025-04-22  |w 2019-11-15  |y BK  |k CIM